01573nam a2200409 i 450000100060000000300080000600500170001400600190003100700150005000800410006502000180010603500220012404000310014604300120017705000240018908200170021310000380023024501420026826400560041030000410046633600310050733700330053833800430057149000260061449000410064050400620068158800830074361000550082665000290088165000370091065000240094765000290097165000310100065500270103183000420105885600630110034165FINmELB20241216220901.0m o u cr cn|||||||||220328s2012 pe fob 000 0 spa d a9786123261047 a(OCoLC)1311929517 aFINmELBbspaerdacFINmELB as-pe---00aJC599.P4bD447 201204a323.09852231 aDegregori, Carlos Iván,eautor.10aHeridas abiertas, derechos esquivos :bderechos humanos, memoria y Comisión de la Verdad y Reconciliación /cCarlos Iván Degregori. 1aLima :bIEP Instituto de Estudios Peruanos,c[2012] a1 recurso en línea (314 páginas) atextobtxt2rdacontent/spa acomputadorabc2rdamedia/spa arecurso en líneabcr2rdacarrier/spa1 aObras escogidas ;vIX1 aSerie Ideología y política ;v43 aIncluye referencias bibliográficas (páginas 307-314). aDescripción basada en metadatos suministrados por el editor y otras fuentes.10aPeru.bComisión de la Verdad y Reconciliación. 0aTruth commissionszPeru. 4aComisiones de la verdadzPerú. 0aHuman rightszPeru. 0aCollective memoryzPeru. 0aRestorative justicezPeru. 4aLibros electrónicos. 0aSerie Ideología y política ;v43.40uhttps://elibro.net/ereader/politecnicointernacional/195933